Psychopedagogiczne aspekty aktywnego nauczania przyrody = (Rekord nr 6460)
| 000 -ETYKIETA REKORDU | |
|---|---|
| podpole kontrolne o stałej długości | 01394nab a2200229 i 4500 |
| 001 - NUMER KONTROLNY REKORDU | |
| podpole kontrolne | BPP |
| 003 - IDENTYFIKATOR NUMERU KONTROLNEGO REKORDU | |
| podpole kontrolne | BPK |
| 005 - DATA OSTATNIEJ MODYFIKACJI REKORDU | |
| podpole kontrolne | 20160119110107.0 |
| 008 - POLE O STAŁEJ DŁUGOŚCI - DANE KONTROLNE | |
| podpole kontrolne o stałej długości | 160119s2012 pl | | |000 ||pol |
| 040 ## - ŹRÓDŁO KATALOGOWANIA | |
| Instytucja, która utworzyła rekord | BPK |
| 041 ## - KOD JĘZYKA | |
| Kod języka tekstu | pol |
| Kod języka streszczenia lub abstraktu | eng |
| 080 ## - UNIWERSALNA KLASYFIKACJA DZIESIĘTNA - UKD | |
| UKD | 37:502 |
| 100 ## - NAZWA OSOBOWA | |
| Nazwa osobowa | HŁOBIŁ, Agnieszka. |
| Lata pracy | 2009 - . |
| Instytucja | Politechnika Koszalińska - Instytut Technologii i Edukacji, |
| Wydział | Zakład Pedagogiki Opiekuńczo-Wychowawczej i Psychopedagogiki |
| 245 ## - TYTUŁ/ODPOWIEDZIALNOŚĆ | |
| Tytuł | Psychopedagogiczne aspekty aktywnego nauczania przyrody = |
| Ciąg dalszy tytułu | Psychopedagogical aspects of active teaching of nature / |
| Pozostałe elementy strefy tytułu i oznaczenia odpowiedzialności | Agnieszka Hłobił. |
| 260 ## - STREFA ADRESU WYDAWNICZEGO | |
| Data publikacji, dystrybucji/powstania dokumentu | 2012. |
| 500 ## - UWAGI OGÓLNE | |
| Tekst uwagi | Dane z autopsji. |
| 520 ## - UWAGA DOTYCZĄCA TREŚCI DOKUMENTU | |
| Analiza dokumentacyjna, adnotacja itp. | Stworzenie bloku przyroda było największą programową zmianą wśród skutków reformy szkolnictwa. Eliminowanie nadmiaru treści - to tendencja, którą mocno należy akcentować w podejściu do nauczania przyrody, a odpowiednio dobrane metody zapoznawania uczniów z otaczającym światem przyrodniczym i społecznym pozwalają na samodzielne działanie, uczenie się metodą prób i błędów, manipulowanie narzędziami i przedmiotami. |
| 650 ## - HASŁO PRZEDMIOTOWE W FORMIE NAZWY OGÓLNEJ LUB JEDNOSTKOWEJ | |
| Nazwa ogólna lub geograficzna | Przyroda - nauczanie. |
| 650 #0 - HASŁO PRZEDMIOTOWE W FORMIE NAZWY OGÓLNEJ LUB JEDNOSTKOWEJ | |
| Nazwa ogólna lub geograficzna | Edukacja ekologiczna. |
| 773 ## - TYTUŁ DOKUMENTU MACIERZYSTEGO | |
| Wyrażenie wprowadzające | W : |
| Tytuł | Rocznik Ochrona Środowiska = Annual Set The Environment Protection. - |
| Adres wydawniczy | Koszalin : Wydaw. Środkowo-Pomorskiego Towarzystwa Naukowego Ochrony Srodowiska, 2012. - |
| Informacje dotyczące relacji | T. 14, s. 960-970 |
| 942 ## - HASŁO DODATKOWE - ELEMENTY(KOHA) | |
| Typ dokumentu | Artykuł |
| Schemat klasyfikacji | Uniwersalna klasyfikacja dziesiętna |
| Wycofany | Zagubiony | Uszkodzony | Dostępność | Lokalizacja stała | Lokalizacja bieżąca | Sygnatura | Typ dokumentu |
|---|---|---|---|---|---|---|---|
| Dostępny | Bibliografia Prac Pracowników - BPK | Bibliografia Prac Pracowników - BPK | 01266 | Artykuł |
